=LDR 00000nam 2200000 4500 =001 INLIS000000000058256 =005 20210908090828 =035 ##$$a 0010-0921000060 =007 ta =008 210908################g##########0#ind## =020 ##$$a 979-763-502-3Indeks =082 ##$$a 657.02 =084 ##$$a 657.02 GER a =100 #$$a Gernon, Helen =245 1#$$a Akuntansi perspektif internasional /$c Helen Gernon =250 ##$$a edisi 5 =260 ##$$a Yogyakarta :$b Andi,$c 2009 =300 ##$$a xiv,249 ; $c 16x23 cm. =504 ##$$a Indeks : hlm. 239 - 249 =990 ##$$a 08450845 =990 ##$$a 51800067